| 000 | 00947pam a2200253 a 4500 | ||
|---|---|---|---|
| 020 | _a0471847887 | ||
| 082 | 0 | 0 |
_a624.171 _bCOO _cL-20,P-188 |
| 100 | 1 |
_aCook, Robert Davis. _936325 |
|
| 245 | 1 | 0 |
_aConcepts and applications of finite element analysis / _cRobert D. Cook, David S. Malkus, Michael E. Plesha. |
| 250 | _a3rd ed. | ||
| 260 |
_aNew York : _bWiley, _cc1989. |
||
| 300 |
_axviii, 630 p. : _bill. ; _c26 cm. |
||
| 500 | _aIncludes index. | ||
| 526 |
_a0 _b0 _c0 _d624_171000000000000_COOK_ROBER |
||
| 650 | 0 |
_aFinite element method. _91938 |
|
| 650 | 0 |
_aMCE _9379 |
|
| 650 | 0 |
_aStructural analysis (Engineering) _9654 |
|
| 700 | 1 |
_aMalkus, David S. _98648 |
|
| 700 | 1 |
_aPlesha, Michael E. _98649 |
|
| 856 | 4 | _uhttp://www.loc.gov/catdir/toc/onix01/88027929.html | |
| 856 | 4 | 2 | _uhttp://www.loc.gov/catdir/enhancements/fy0607/88027929-b.html |
| 856 | 4 | 2 | _uhttp://www.loc.gov/catdir/enhancements/fy0607/88027929-d.html |
| 942 |
_2ddc _cBK |
||
| 999 |
_c546527 _d546527 |
||